000 00969cam a22002891 4500
001 sa 68005793
003 DLC
005 20260227112511.0
008 840628s1967 ii d 000 0 hino
010 _asa 68005793
025 _aPL480:I-H-5395
035 _a(OCoLC)21659188
040 _aDLC
_cCU
_dDLC
041 0 _ahineng
042 _apremarc
050 0 0 _aR121
_b.A39
100 1 _aAgnihotri, Awadh Bihari,
_d1930-
245 1 0 _aCaukhambā cikitsā-vijñāna-kośa.
_bAnglo Hindi medical dictionary.
_cRacayita Avadhibihārī Agnihotrī. Sampadaka Gaṅgāsahāya Pāṇḍeya.
250 _a[1. saṃskaraṇa]
260 _aVārāṇasī,
_bCaukhambā Vidyābhavana,
_c1967.
300 _a10, 536 p.
_c23 cm.
440 0 _aVidyābhavana Āyurveda granthamālā ;
_v51
650 0 _aMedicine
_xDictionaries
650 0 _aEnglish language
_xDictionaries
_xHindi.
700 1 _aPāṇḍeya, Gaṅgāsahāya.
740 0 _aAnglo-Hindi medical dictionary.
999 _c80965
_d80965